Poland true or false — sudden death - Statistics

General Stats
  • This quiz has been taken 844 times
  • The average score is 5 of 13
Answers on the Grid
Answers color-coded by a green-red scale on the quiz's grid according to % correct below.
Poland was a country before 1000 AD
Poland wasn’t a country before 1000 AD
There is no metro system in Poland
There is metro in Warsaw, Poland
Poland has a border with Hungary
Poland has a border with Lithuania
The first Polish Constitution was established after II WW
The first Polish Constitution was established 3 years after the US Constitution
Poland isn't one of the most forested countries in EU
Poland is one of the most forested countries in EU
The first president of Poland ruled for 10 years until World War II
The first president of Poland was murdered after 5 days
Poland was a part of USSR
Poland wasn’t a part of USSR
Polish women gained the right to vote after gaining independence in 1918
Polish women couldn’t vote until 1960'
Poland is a part of NATO
Poland isn't a part of NATO
Warsaw has been the capital of Poland for the longest time
Cracow has been the capital of Poland for the longest time
The currency of Poland is zloty
The currency of Poland is euro
The Prime Minister of Poland is elected by the president and the sejm (parliament)
The Prime Minister of Poland is elected by citizens in elections
There is a dessert located in Poland
There aren’t any desserts in Poland
 
Answer Stats
Answer % Correct
Poland was a country before 1000 AD
81%
There is metro in Warsaw, Poland
80%
Poland has a border with Lithuania
78%
The first Polish Constitution was established 3 years after the US Constitution
55%
Poland is a part of NATO
28%
Poland wasn’t a part of USSR
24%
The currency of Poland is zloty
21%
Polish women gained the right to vote after gaining independence in 1918
17%
The first president of Poland was murdered after 5 days
16%
Poland isn't one of the most forested countries in EU
15%
There is a dessert located in Poland
15%
The Prime Minister of Poland is elected by the president and the sejm (parliament)
13%
Cracow has been the capital of Poland for the longest time
12%
No matching quizzes found
Score Distribution
Percent of People with Each Score
Percentile by Number Answered
Your Score History
You have not taken this quiz